Worker self-management and work incentives on Nicaraguan agricultural production cooperatives: an investigation of relative performance /
Պահպանված է:
| Հիմնական հեղինակ: | |
|---|---|
| Ձևաչափ: | Տեքստ |
| Խորագրեր: | |
| Ցուցիչներ: |
Ավելացրեք ցուցիչ
Չկան պիտակներ, Եղեք առաջինը, ով նշում է այս գրառումը!
|
MARC
| LEADER | 00000 a a2200000 04500 | ||
|---|---|---|---|
| 001 | 17257 | ||
| 003 | |||
| 040 | |||
| 100 | |a Jonakin, Jon | ||
| 245 | |a Worker self-management and work incentives on Nicaraguan agricultural production cooperatives: |b an investigation of relative performance / |c Jon Jonakin | ||
| 650 | |a TRABAJO | ||
| 650 | |a INCENTIVOS | ||
| 650 | |a COOPERATIVAS AGRICOLAS | ||
| 650 | |a PRODUCCION | ||
| 650 | |a AGRICULTURA | ||
| 650 | |a ESTADO | ||
| 650 | |a REFORMA AGRARIA | ||
| 773 | |g volumen 16, número 2; páginas 241-259 | ||
| 999 | |c 25322 |d 25322 | ||
